Management : (Record no. 4345)

MARC details
000 -LEADER
fixed length control field 00684cam a22002172 4500
001 - CONTROL NUMBER
control field 0000021505
005 - DATE AND TIME OF LATEST TRANSACTION
control field 20151217145939.0
008 - FIXED-LENGTH DATA ELEMENTS--GENERAL INFORMATION
fixed length control field 120618s xx 000 0 eng d
020 ## - INTERNATIONAL STANDARD BOOK NUMBER
International Standard Book Number 0071220623 :
040 ## - CATALOGING SOURCE
Original cataloging agency KABU
Transcribing agency KABU
100 1# - MAIN ENTRY--PERSONAL NAME
Personal name Bateman, Thomas S.
-- 0000171064
245 10 - TITLE STATEMENT
Title Management :
Remainder of title leading & collaborating in a competitive world /
Statement of responsibility, etc. Thomas S. Bateman & Scott A. Snell.
250 ## - EDITION STATEMENT
Edition statement 9th ed.
260 ## - PUBLICATION, DISTRIBUTION, ETC. (IMPRINT)
Place of publication, distribution, etc. New York :
Name of publisher, distributor, etc. McGraw-Hill,
Date of publication, distribution, etc. 2011.
300 ## - PHYSICAL DESCRIPTION
Extent 1 v. (various pagings)
650 #0 - SUBJECT ADDED ENTRY--TOPICAL TERM
Topical term or geographic name as entry element Management.
-- 0000083920
700 1# - ADDED ENTRY--PERSONAL NAME
Personal name Snell, Scott A.
-- 0000171065
852 1# - LOCATION
-- p3836 KES
908 ## - PUT COMMAND PARAMETER (RLIN)
Put command parameter 120618
950 ## - LOCAL HOLDINGS (RLIN)
-- 1
Holdings
Withdrawn status Lost status Source of classification or shelving scheme Not for loan Home library Current library Date acquired Total Checkouts Full call number Barcode Date last seen Price effective from Koha item type Total Renewals Date last checked out
    Library of Congress Classification   Kabarak, Main Campus Kabarak, Main Campus 17/12/2015   HD31 .B38 2011 c. 2 013286 02/08/2024 17/12/2015 General Collection    
    Library of Congress Classification   Kabarak, Main Campus Kabarak, Main Campus 17/12/2015 3 HD31 .B38 2011 c. 1 013282 02/08/2024 17/12/2015 General Collection 1 29/04/2016
Designed with assistance from East African Informatics Ltd